| 000 | 00000nam##2200000za#4500 |
| 001 | 9.566974 |
| 003 | CaOODSP |
| 005 | 20210624180540 |
| 007 | cr ||||||||||| |
| 008 | 150406|2008||||xxc|||||o f|0| 0 eng|d |
| 022 | |a1488-5379 |
| 040 | |aCaOODSP|beng |
| 043 | |an-cn--- |
| 086 | 1 |aFs97-6/2805E-PDF |
| 110 | 1 |aCanada. |bDepartment of Fisheries and Oceans. |
| 245 | 10|aIncreased oxygenation of sediment in Lamèque Bay (New Brunswick) following removal of algae and reduction of nutrient inputs from a seafood processing plant / |h[electronic resource]|cby François Plante and Simon C. Courtenay. |
| 260 | |aMoncton - New Brunswick : |bFisheries and Oceans Canada |c2008. |
| 300 | |a44p.|bfigs., graphs, maps, references, tables, photographs |
| 490 | 1 |aCanadian technical report of fisheries and aquatic sciences|x1488-5379|v2805 |
| 546 | |a(Résumé en français.) |
| 590 | |a10-10-Supp|b2010-11-09 |
| 690 | 07|aAquatic ecosystems|2gcpds |
| 690 | 07|aEnvironmental protection|2gcpds |
| 690 | 07|aMarine biology|2gcpds |
| 720 | 1 |aCourtenay, S. C. |
| 720 | 1 |aPlante, François |
| 776 | 0#|tIncreased oxygenation of sediment in Lamèque Bay (New Brunswick) following removal of algae and reduction of nutrient inputs from a seafood processing plant / |w(CaOODSP)9.618968 |
| 830 | #0|aCanadian technical report of fisheries and aquatic sciences,|x1488-5379|v2805|w(CaOODSP)9.504449 |
| 856 | 40|ahttp://publications.gc.ca|qPDF|s1116 KB|uhttps://publications.gc.ca/collections/collection_2010/mpo-dfo/Fs97-6-2805-eng.pdf|y2805 |